00629nam a2200205Ia 450000500170000000800410001701000140005804000190007204100120009108200150010310000310011824500990014926000410024830000310028950400190032063000340033965000250037365100150039885000100041320240321112418.0131103s9999 xx 000 0 und d a195636821 aLoreto College aEnglish a338.9bWOR aWorld Resource Institution aWorld Resources 1994 - 95b a guide to the global environment cThe World Resources Institute aDelhibOxford University Pressc1995 axii,400 p.b illus.,tables aIncludes index aEconomic Development & Growth aEconomic Development aProduction aLCLIB